Junta Administradora de la Casa Lonja de Mar de Barcelona : reglamento general reglamento general
Descripción Física:
30 p. ; 17 cm
Otros Autores:
Casa Llotja de Mar. Junta Administradora
MARC
| LEADER | 00000nam a2200000Ia 4500 | ||
|---|---|---|---|
| 001 | 22018 | ||
| 008 | 160829s1954 xx 000 0 cat d | ||
| 080 | |a FU-47-66 | ||
| 245 | |a Junta Administradora de la Casa Lonja de Mar de Barcelona : |b reglamento general | ||
| 260 | |a Barcelona : |b [s. n.], |c 1954 | ||
| 300 | |a 30 p. ; |c 17 cm | ||
| 590 | |a Prové de CS-656 | ||
| 650 | |a Casa Llotja de Mar. Junta Administradora |x Reglaments i procediment |9 47463 | ||
| 700 | |a Casa Llotja de Mar. Junta Administradora |9 47464 | ||
| 856 | 4 | |u https://media.diba.cat/diba/fitxers/arxiu/fulletons/bib_22018_baixa.pdf |y Accés lliure | |
| 856 | 4 | |u https://media.diba.cat/diba/fitxers/arxiu/fulletons/bib_22018_baixa.pdf |y Accés lliure | |
| 901 | |a Arxiu | ||
| 942 | |n 1 |2 udc | ||
| 952 | |0 0 |1 0 |4 0 |6 FU4766 |7 1 |9 53895 |a Arxiu |b Arxiu |d 2016-12-01 |l 0 |o FU-47-66 |p 22018 |r 2016-12-01 00:00:00 |w 2016-12-01 |y ARXIU | ||
| 999 | |c 57762 |d 57762 | ||
| 900 | |a bib_22018_baixa.pdf | ||